[Event "Madrid ch Veteranos 2122"]
[Site "Madrid ESP"]
[Date "2022.03.28"]
[Round "1.24"]
[White "Lopez Del Moral Lopez de, Rafael"]
[Black "Camarero Izquierdo, Juan Carlos"]
[Result "1/2-1/2"]
[WhiteElo "1432"]
[BlackElo "1861"]
[PlyCount "131"]
[EventDate "2022.03.28"]
[EventType "swiss"]
[EventRounds "9"]
[EventCountry "ESP"]
[SourceTitle "Ajedrez en Madrid"]
[Source "lmi"]
[SourceDate "2022.03.28"]
[SourceVersion "1"]
[SourceVersionDate "2022.04.18"]
[SourceQuality "1"]

1. d4 f5 2. Nf3 e6 3. e3 d5 4. Bd3 Nf6 5. Nbd2 Bd6 6. O-O O-O 7. Ne5 Bxe5 8.
dxe5 Ng4 9. Nf3 Nd7 10. b3 Ndxe5 11. Bb2 Qd6 12. Nxe5 Nxe5 13. a4 Ng4 14. g3 e5
15. h3 Nf6 16. f4 e4 17. Be2 Be6 18. Qd2 Rfd8 19. Rfd1 Bf7 20. c4 Nh5 21. Bxh5
Bxh5 22. Qxd5+ Qxd5 23. Rxd5 Rxd5 24. cxd5 Rd8 25. Be5 Rxd5 26. b4 c6 27. Rc1
Rd2 28. b5 Be8 29. Bd4 cxb5 30. axb5 Bxb5 31. Rc8+ Kf7 32. Rc7+ Ke6 33. Rxb7 a6
34. Rxg7 h5 35. Rb7 Be2 36. Rb6+ Kd5 37. Rf6 Bf3 38. Rxf5+ Kc4 39. Rc5+ Kd3 40.
Rc3+ Ke2 41. Rc1 Kd3 42. Rc3+ Ke2 43. Rc1 Ra2 44. f5 Kd2 45. Ra1 Rc2 46. Rb1
Be2 47. f6 Bc4 48. Rb2 Rxb2 49. Bxb2 Kxe3 50. g4 hxg4 51. hxg4 Kf4 52. Kf2 e3+
53. Ke1 Kxg4 54. Ba1 Kf3 55. Bb2 Ke4 56. Bc1 Kd3 57. Kd1 a5 58. Ba3 a4 59. Bd6
Bb3+ 60. Ke1 Bc4 61. Bc5 Ke4 62. Be7 Ke5 63. Bc5 e2 64. f7 Bxf7 65. Kxe2 Bc4+
66. Kd2 1/2-1/2

[Event "Madrid ch Veteranos 2122"]
[Site "Madrid ESP"]
[Date "2022.03.28"]
[Round "1.25"]
[White "Vinas Lopez, Carlos"]
[Black "Martin Garcia, Francisco Javier"]
[Result "1-0"]
[WhiteElo "1860"]
[BlackElo "1412"]
[PlyCount "106"]
[EventDate "2022.03.28"]
[EventType "swiss"]
[EventRounds "9"]
[EventCountry "ESP"]
[SourceTitle "Ajedrez en Madrid"]
[Source "lmi"]
[SourceDate "2022.03.28"]
[SourceVersion "1"]
[SourceVersionDate "2022.04.18"]
[SourceQuality "1"]

1. d4 Nf6 2. Bg5 d5 3. Bxf6 gxf6 4. c4 dxc4 5. e3 e6 6. Bxc4 Be7 7. Nc3 f5 8.
Qh5 O-O 9. Nf3 Kh8 10. Rd1 Qe8 11. Ng5 Bxg5 12. Qxg5 Qd8 13. Qf4 Qe7 14. O-O
Rg8 15. Rfe1 Qg5 16. Qxg5 Rxg5 17. f4 Rg8 18. d5 b6 19. g3 Ba6 20. Bb3 c5 21.
dxe6 Nc6 22. exf7 Rgf8 23. Be6 Nd8 24. Bxf5 Rxf7 25. Be4 Rb8 26. Rd2 Rf8 27.
Rd7 Rf7 28. Red1 Rxd7 29. Rxd7 Bb7 30. Bxb7 Nxb7 31. Ne4 Na5 32. Rxa7 Rf8 33.
Kf2 Nc4 34. b3 Ne5 35. Ke2 Nc6 36. Rb7 Nb4 37. Rxb6 Re8 38. Nxc5 Nxa2 39. Kd2
Rd8+ 40. Kc2 Kg8 41. Rb7 Rc8 42. b4 Nxb4+ 43. Rxb4 Rxc5+ 44. Kd3 Rc7 45. e4 Ra7
46. Rb2 Kf7 47. Rc2 Kg6 48. g4 Kf6 49. Rc6+ Kf7 50. h4 Rd7+ 51. Ke3 Ra7 52. f5
Kg7 53. Kf4 Re7 1-0

[Event "Madrid ch Veteranos 2122"]
[Site "Madrid ESP"]
[Date "2022.03.28"]
[Round "1.26"]
[White "Lopez Manso, Jeronimo"]
[Black "Rojas Pozo, Jose Luis"]
[Result "0-1"]
[WhiteElo "1410"]
[BlackElo "1856"]
[PlyCount "56"]
[EventDate "2022.03.28"]
[EventType "swiss"]
[EventRounds "9"]
[EventCountry "ESP"]
[SourceTitle "Ajedrez en Madrid"]
[Source "lmi"]
[SourceDate "2022.03.28"]
[SourceVersion "1"]
[SourceVersionDate "2022.04.18"]
[SourceQuality "1"]

1. f4 d5 2. e3 Nf6 3. Nf3 c5 4. b3 g6 5. Bb2 Bg7 6. Be2 Nc6 7. O-O O-O 8. Ne5
Qc7 9. Na3 a6 10. Nd3 b6 11. c4 d4 12. exd4 Nxd4 13. b4 Nxe2+ 14. Qxe2 Bf5 15.
Be5 Qd7 16. Nf2 cxb4 17. Nb1 Ng4 18. h3 Nxe5 19. fxe5 Qd4 20. g4 Be6 21. Nc3
bxc3 22. dxc3 Qxe5 23. Qf3 Bxc4 24. Rfe1 Qc5 25. Re3 Bh6 26. Rae1 Bxe3 27. Rxe3
Rad8 28. Ne4 Qd5 0-1

[Event "Madrid ch Veteranos 2122"]
[Site "Madrid ESP"]
[Date "2022.03.28"]
[Round "1.27"]
[White "Vazquez Gonzalez, Jesus"]
[Black "Medina Lucena, Emilio"]
[Result "1-0"]
[WhiteElo "1853"]
[BlackElo "1303"]
[PlyCount "77"]
[EventDate "2022.03.28"]
[EventType "swiss"]
[EventRounds "9"]
[EventCountry "ESP"]
[SourceTitle "Ajedrez en Madrid"]
[Source "lmi"]
[SourceDate "2022.03.28"]
[SourceVersion "1"]
[SourceVersionDate "2022.04.18"]
[SourceQuality "1"]

1. e4 c5 2. Bd3 d6 3. c3 a6 4. Bc2 Nf6 5. d4 cxd4 6. cxd4 Bd7 7. Nf3 e6 8. Nc3
Nc6 9. O-O Be7 10. a3 O-O 11. d5 Ne5 12. Nxe5 dxe5 13. d6 Bb5 14. dxe7 Qxe7 15.
Nxb5 axb5 16. Bg5 h6 17. Bxf6 Qxf6 18. Qe2 Rfc8 19. Bd3 b4 20. axb4 Rxa1 21.
Rxa1 Qe7 22. b5 Qc5 23. g3 Qd4 24. Rd1 Qc5 25. b3 Rd8 26. Bc4 Rd4 27. Kg2 Qd6
28. Rxd4 Qxd4 29. Qd3 Qxd3 30. Bxd3 b6 31. Bc4 Kf8 32. f4 exf4 33. gxf4 Ke7 34.
e5 g5 35. Kf3 f5 36. exf6+ Kxf6 37. fxg5+ hxg5 38. Kg4 e5 39. Bd3 1-0

[Event "Madrid ch Veteranos 2122"]
[Site "Madrid ESP"]
[Date "2022.03.28"]
[Round "1.28"]
[White "Fernandez Rodriguez, Juan Andres"]
[Black "Vazquez Gonzalez, Francisco"]
[Result "0-1"]
[WhiteElo "1128"]
[BlackElo "1851"]
[PlyCount "112"]
[EventDate "2022.03.28"]
[EventType "swiss"]
[EventRounds "9"]
[EventCountry "ESP"]
[SourceTitle "Ajedrez en Madrid"]
[Source "lmi"]
[SourceDate "2022.03.28"]
[SourceVersion "1"]
[SourceVersionDate "2022.04.18"]
[SourceQuality "1"]

1. d4 f5 2. Bf4 Nf6 3. e3 g6 4. c4 Bg7 5. Nc3 O-O 6. Nf3 d6 7. Be2 c6 8. O-O
Na6 9. a3 Nc7 10. d5 Ne4 11. Rc1 Nxc3 12. bxc3 c5 13. Re1 Ne8 14. Ng5 h6 15.
Ne6 Bxe6 16. dxe6 Qc8 17. Bf3 Nc7 18. Bd5 Kh7 19. Qf3 Rb8 20. e4 Nxe6 21. exf5
Nxf4 22. Qxf4 Rxf5 23. Qg4 Qf8 24. Rc2 h5 25. Qh4 Bf6 26. Qg3 Be5 27. Qe3 Qh6
28. Qxh6+ Kxh6 29. Re3 b5 30. cxb5 Rxb5 31. g3 Bxc3 32. Rexc3 Rxd5 33. Kg2 a5
34. a4 Rb4 35. Rc4 Rxc4 36. Rxc4 Rd4 37. Rxd4 cxd4 38. Kf3 Kg5 39. Ke4 e5 40.
f4+ Kf6 41. h3 Ke6 42. g4 d5+ 43. Kf3 e4+ 44. Ke2 d3+ 45. Ke3 d4+ 46. Kd2 h4
47. f5+ gxf5 48. g5 f4 49. g6 Kf6 50. g7 Kxg7 51. Ke1 e3 52. Kd1 f3 53. Ke1 d2+
54. Kd1 f2 55. Ke2 d1=Q+ 56. Kxd1 f1=Q+ 0-1

[Event "Madrid ch Veteranos 2122"]
[Site "Madrid ESP"]
[Date "2022.03.29"]
[Round "2.1"]
[White "Esteban Amo, Jose M."]
[Black "Candela Perez, Jose"]
[Result "0-1"]
[WhiteElo "1874"]
[BlackElo "2341"]
[PlyCount "58"]
[EventDate "2022.03.28"]
[EventType "swiss"]
[EventRounds "9"]
[EventCountry "ESP"]
[SourceTitle "Ajedrez en Madrid"]
[Source "lmi"]
[SourceDate "2022.03.28"]
[SourceVersion "1"]
[SourceVersionDate "2022.04.18"]
[SourceQuality "1"]

1. d4 Nf6 2. Nf3 g6 3. Bg5 Bg7 4. Nbd2 d6 5. e4 h6 6. Bh4 g5 7. Bg3 Nh5 8. Bc4
g4 9. Nh4 Bxd4 10. c3 Bf6 11. Nf5 Bxf5 12. exf5 d5 13. Bb3 Nxg3 14. hxg3 h5 15.
Qe2 c6 16. O-O-O Nd7 17. f3 gxf3 18. gxf3 Qc7 19. Qf2 O-O-O 20. f4 Rdg8 21. Kb1
Rg4 22. Rdf1 Qb6 23. Qf3 Rhg8 24. Rfg1 h4 25. Nf1 Nc5 26. Qd1 Ne4 27. Qe2 Bxc3
28. Nh2 Rxg3 29. Rc1 Rg2 0-1

[Event "Madrid ch Veteranos 2122"]
[Site "Madrid ESP"]
[Date "2022.03.29"]
[Round "2.2"]
[White "De Paz Nistal, Santiago"]
[Black "Longa Yauca, Javier"]
[Result "0-1"]
[WhiteElo "1873"]
[BlackElo "2223"]
[PlyCount "56"]
[EventDate "2022.03.28"]
[EventType "swiss"]
[EventRounds "9"]
[EventCountry "ESP"]
[SourceTitle "Ajedrez en Madrid"]
[Source "lmi"]
[SourceDate "2022.03.28"]
[SourceVersion "1"]
[SourceVersionDate "2022.04.18"]
[SourceQuality "1"]

1. e4 Nf6 2. e5 Nd5 3. d4 d6 4. c4 Nb6 5. exd6 cxd6 6. Nc3 g6 7. Be3 Bg7 8. Nf3
O-O 9. Rc1 Bg4 10. h3 Bxf3 11. Qxf3 Nc6 12. Qd1 f5 13. Qd2 e5 14. dxe5 dxe5 15.
Qxd8 Raxd8 16. Bxb6 axb6 17. Nd5 e4 18. b3 f4 19. h4 f3 20. Rh3 Ne5 21. Rc2
Nd3+ 22. Bxd3 exd3 23. Rd2 fxg2 24. Rg3 Rde8+ 25. Kd1 Bh6 26. f4 Bxf4 27. Nxf4
Rxf4 28. Rgxg2 Rf1# 0-1

[Event "Madrid ch Veteranos 2122"]
[Site "Madrid ESP"]
[Date "2022.03.29"]
[Round "2.3"]
[White "Pastor Alonso De Prado, Alberto"]
[Black "Lopez Molina, Santiago Jorge"]
[Result "0-1"]
[WhiteElo "2106"]
[BlackElo "1868"]
[PlyCount "64"]
[EventDate "2022.03.28"]
[EventType "swiss"]
[EventRounds "9"]
[EventCountry "ESP"]
[SourceTitle "Ajedrez en Madrid"]
[Source "lmi"]
[SourceDate "2022.03.28"]
[SourceVersion "1"]
[SourceVersionDate "2022.04.18"]
[SourceQuality "1"]

1. Nf3 Nf6 2. d4 g6 3. g3 Bg7 4. Bg2 O-O 5. c4 d6 6. O-O Nc6 7. d5 Nb4 8. a3
Na6 9. Nfd2 e5 10. Nc3 Nc5 11. b4 Ncd7 12. Nb3 Nh5 13. e4 a6 14. Be3 Nb6 15.
Na5 Nd7 16. Rc1 b6 17. Nc6 Qe8 18. Qd2 f5 19. exf5 gxf5 20. f4 Bb7 21. c5 bxc5
22. bxc5 Bxc6 23. dxc6 Nxc5 24. Bxc5 dxc5 25. Nd5 e4 26. Rxc5 Rd8 27. Kh1 Nf6
28. Qc2 Kh8 29. Nxc7 Qh5 30. Ne6 Ng4 31. Bxe4 Ne3 32. Bf3 Qxf3+ 0-1

[Event "Madrid ch Veteranos 2122"]
[Site "Madrid ESP"]
[Date "2022.03.29"]
[Round "2.4"]
[White "Garcia Galeote, Lorenzo"]
[Black "Barez Menendez, Hector"]
[Result "1/2-1/2"]
[WhiteElo "1862"]
[BlackElo "2062"]
[PlyCount "44"]
[EventDate "2022.03.28"]
[EventType "swiss"]
[EventRounds "9"]
[EventCountry "ESP"]
[SourceTitle "Ajedrez en Madrid"]
[Source "lmi"]
[SourceDate "2022.03.28"]
[SourceVersion "1"]
[SourceVersionDate "2022.04.18"]
[SourceQuality "1"]

1. d4 d5 2. Nf3 e6 3. e3 c6 4. Bd3 f5 5. O-O Nf6 6. b3 Bd6 7. Ba3 O-O 8. Bxd6
Qxd6 9. Ne5 Nbd7 10. f4 Ne4 11. Bxe4 dxe4 12. c4 Qe7 13. Nc3 Nxe5 14. dxe5 Rd8
15. Qe2 Bd7 16. Rfd1 Be8 17. Rxd8 Rxd8 18. Rd1 g5 19. g3 gxf4 20. Rxd8 Qxd8 21.
gxf4 Kh8 22. Nd1 Qd7 1/2-1/2

[Event "Madrid ch Veteranos 2122"]
[Site "Madrid ESP"]
[Date "2022.03.29"]
[Round "2.5"]
[White "Martin Rodriguez, Emilio"]
[Black "Fiz Criado, Fidel"]
[Result "1-0"]
[WhiteElo "2032"]
[BlackElo "1861"]
[PlyCount "57"]
[EventDate "2022.03.28"]
[EventType "swiss"]
[EventRounds "9"]
[EventCountry "ESP"]
[SourceTitle "Ajedrez en Madrid"]
[Source "lmi"]
[SourceDate "2022.03.28"]
[SourceVersion "1"]
[SourceVersionDate "2022.04.18"]
[SourceQuality "1"]

1. d4 Nf6 2. Nf3 e6 3. Bg5 Be7 4. Nbd2 d5 5. e3 b6 6. c3 O-O 7. Bd3 Bb7 8. Ne5
Nbd7 9. f4 c5 10. Qf3 cxd4 11. exd4 a6 12. a4 Nxe5 13. fxe5 Nd7 14. Be3 f6 15.
Qh3 f5 16. O-O g5 17. g4 Rf7 18. gxf5 g4 19. Qg2 Nxe5 20. fxe6 Rxf1+ 21. Bxf1
Ng6 22. Qxg4 Qd6 23. Bd3 Kh8 24. Kh1 Rg8 25. Rg1 Qd8 26. Qh5 Qe8 27. Nf3 Bf6
28. Bf4 Rg7 29. Ne5 1-0

[Event "Madrid ch Veteranos 2122"]
[Site "Madrid ESP"]
[Date "2022.03.29"]
[Round "2.6"]
[White "Rojas Pozo, Jose Luis"]
[Black "Herrero Reques, Sergio"]
[Result "0-1"]
[WhiteElo "1856"]
[BlackElo "2029"]
[PlyCount "110"]
[EventDate "2022.03.28"]
[EventType "swiss"]
[EventRounds "9"]
[EventCountry "ESP"]
[SourceTitle "Ajedrez en Madrid"]
[Source "lmi"]
[SourceDate "2022.03.28"]
[SourceVersion "1"]
[SourceVersionDate "2022.04.18"]
[SourceQuality "1"]

1. d4 Nf6 2. c4 e6 3. Nc3 d5 4. Nf3 b6 5. Bg5 Bb7 6. cxd5 exd5 7. e3 Be7 8.
Qa4+ c6 9. Ne5 O-O 10. Bd3 Nfd7 11. Bxe7 Qxe7 12. Nxd7 Nxd7 13. O-O Nf6 14. Ba6
Ne8 15. Bxb7 Qxb7 16. Rfd1 Nd6 17. b4 b5 18. Qb3 f5 19. Ne2 Kh8 20. Nf4 Qe7 21.
Nd3 Nc4 22. Rac1 g5 23. Ne5 Rac8 24. Nxc4 dxc4 25. Qc3 Qf6 26. d5 Qxc3 27. Rxc3
cxd5 28. Kf1 Rfd8 29. Ra3 Rc7 30. Ke2 Rd6 31. h3 Kg7 32. Kd2 Kf6 33. Kc3 Ke5
34. Rd4 h6 35. Ra5 a6 36. a4 Rb7 37. axb5 Rxb5 38. Rd2 f4 39. exf4+ Kxf4 40.
Rxb5 axb5 41. Kd4 Rc6 42. Kc3 Ke5 43. Re2+ Kf5 44. Rd2 Ke6 45. Re2+ Kd6 46. Rd2
Ra6 47. Kd4 Ra4 48. Rb2 Ra3 49. Rd2 Rb3 50. g3 Rxb4 51. h4 gxh4 52. gxh4 Rb3
53. h5 Rd3+ 54. Rxd3 cxd3 55. Kxd3 Ke6 0-1

[Event "Madrid ch Veteranos 2122"]
[Site "Madrid ESP"]
[Date "2022.03.29"]
[Round "2.8"]
[White "Moreno Torrero, Javier"]
[Black "Vinas Lopez, Carlos"]
[Result "1/2-1/2"]
[WhiteElo "1952"]
[BlackElo "1860"]
[PlyCount "55"]
[EventDate "2022.03.28"]
[EventType "swiss"]
[EventRounds "9"]
[EventCountry "ESP"]
[SourceTitle "Ajedrez en Madrid"]
[Source "lmi"]
[SourceDate "2022.03.28"]
[SourceVersion "1"]
[SourceVersionDate "2022.04.18"]
[SourceQuality "1"]

1. e4 c5 2. Nf3 e6 3. d4 cxd4 4. Nxd4 Nf6 5. Nc3 Nc6 6. Ndb5 Bc5 7. Nd6+ Ke7 8.
Bf4 e5 9. Nxc8+ Rxc8 10. Bg5 Bb4 11. Bd3 d5 12. exd5 Qxd5 13. O-O Bxc3 14. bxc3
h6 15. Bxf6+ Kxf6 16. Qg4 g6 17. Bc4 Qd2 18. Rad1 Qf4 19. Qe2 Rhd8 20. g3 Qf5
21. Bd3 Qe6 22. f4 exf4 23. Rxf4+ Kg7 24. Qf2 Ne5 25. Rf1 Rc7 26. Rd4 Nxd3 27.
cxd3 Rcd7 28. Rxd7 1/2-1/2

[Event "Madrid ch Veteranos 2122"]
[Site "Madrid ESP"]
[Date "2022.03.29"]
[Round "2.9"]
[White "Lopez de Turiso, Jose Angel"]
[Black "Vazquez Gonzalez, Jesus"]
[Result "0-1"]
[WhiteElo "1935"]
[BlackElo "1853"]
[PlyCount "96"]
[EventDate "2022.03.28"]
[EventType "swiss"]
[EventRounds "9"]
[EventCountry "ESP"]
[SourceTitle "Ajedrez en Madrid"]
[Source "lmi"]
[SourceDate "2022.03.28"]
[SourceVersion "1"]
[SourceVersionDate "2022.04.18"]
[SourceQuality "1"]

1. e4 e6 2. d3 c5 3. g3 d5 4. Nd2 Nc6 5. Bg2 Nf6 6. Ngf3 b5 7. O-O Bb7 8. e5
Nd7 9. Re1 g6 10. c3 Qb6 11. c4 Nb4 12. Qb3 a5 13. a4 bxa4 14. Rxa4 Bc6 15. Ra3
Bg7 16. cxd5 Bxd5 17. Nc4 Qc7 18. Bf4 O-O 19. Qc3 Nc6 20. Re2 Rfb8 21. Ra1 Rb4
22. Rae1 Rab8 23. Nfd2 Nd4 24. Re3 Nb6 25. Rb1 Bxg2 26. Kxg2 Nd5 27. Qa3 Nc2
28. Qa2 Nxf4+ 29. gxf4 Nxe3+ 30. fxe3 Qc6+ 31. Kf2 Ra4 32. Na3 Qd7 33. b3 Rab4
34. Qc2 Bf8 35. Nac4 Qd8 36. Ra1 Ra8 37. Ne4 Qh4+ 38. Kg2 Qg4+ 39. Kh1 Qf3+ 40.
Kg1 Be7 41. Ned2 Qe2 42. Rf1 a4 43. bxa4 Rbxa4 44. Qc3 Ra2 45. Rb1 Bh4 46. Rf1
Be1 47. Rxe1 Qxe1+ 48. Kg2 Rxd2+ 0-1

[Event "Madrid ch Veteranos 2122"]
[Site "Madrid ESP"]
[Date "2022.03.29"]
[Round "2.11"]
[White "Cabanas Bravo, Juan Andres"]
[Black "Fernandez Garcia, Ignacio"]
[Result "1-0"]
[WhiteElo "1903"]
[BlackElo "1844"]
[PlyCount "107"]
[EventDate "2022.03.28"]
[EventType "swiss"]
[EventRounds "9"]
[EventCountry "ESP"]
[SourceTitle "Ajedrez en Madrid"]
[Source "lmi"]
[SourceDate "2022.03.28"]
[SourceVersion "1"]
[SourceVersionDate "2022.04.18"]
[SourceQuality "1"]

1. e4 b6 2. d4 Bb7 3. Bd3 d6 4. Nf3 Nf6 5. Qe2 g6 6. Bg5 h6 7. Bxf6 exf6 8. c4
Bg7 9. Nc3 O-O 10. O-O-O Nc6 11. a3 Re8 12. Qc2 Ne7 13. Ne2 c6 14. Ng3 b5 15.
c5 a5 16. Kb1 b4 17. cxd6 Nc8 18. e5 Ba6 19. Bxg6 bxa3 20. Bh7+ Kf8 21. Bf5 Rb8
22. b3 Nb6 23. Rhe1 Bc4 24. d7 Re7 25. bxc4 Nxd7+ 26. Kc1 Rb2 27. Qd3 Qb6 28.
Qxa3 Rb3 29. Qa2 Qb4 30. Bc2 Rc3 31. Re3 Rxe3 32. fxe3 Nb6 33. Qb3 Nxc4 34.
Qxb4 axb4 35. Nf5 Ra7 36. Bb3 Ra1+ 37. Kc2 Na3+ 38. Kb2 Rxd1 39. Bxd1 fxe5 40.
Nxg7 Nc4+ 41. Kb3 Nxe3 42. Nxe5 Nxd1 43. Nf5 h5 44. Kxb4 f6 45. Nxc6 Ke8 46. d5
Kd7 47. Ncd4 Nb2 48. Kc3 Na4+ 49. Kd3 Nb6 50. Ke4 Nc4 51. Ne2 Nb6 52. Nf4 h4
53. Nxh4 Ke7 54. Nf5+ 1-0

[Event "Madrid ch Veteranos 2122"]
[Site "Madrid ESP"]
[Date "2022.03.29"]
[Round "2.12"]
[White "Marcos Herrero, Francisco"]
[Black "Vukotic Jovsic, Dragan"]
[Result "1-0"]
[WhiteElo "1897"]
[BlackElo "1834"]
[PlyCount "65"]
[EventDate "2022.03.28"]
[EventType "swiss"]
[EventRounds "9"]
[EventCountry "ESP"]
[SourceTitle "Ajedrez en Madrid"]
[Source "lmi"]
[SourceDate "2022.03.28"]
[SourceVersion "1"]
[SourceVersionDate "2022.04.18"]
[SourceQuality "1"]

1. c4 e6 2. Nf3 d5 3. d4 Nf6 4. g3 c5 5. cxd5 exd5 6. Bg2 Nc6 7. O-O cxd4 8.
Nxd4 Bc5 9. Be3 Qb6 10. Nc2 Bxe3 11. Nxe3 Qxb2 12. Nd2 O-O 13. Nxd5 Nxd5 14.
Bxd5 Bh3 15. Rb1 Qd4 16. Nf3 Qc5 17. Re1 Rfd8 18. e4 Bg4 19. Qb3 Bxf3 20. Qxf3
Ne5 21. Qe2 Rd7 22. Bxb7 Rad8 23. Bd5 g6 24. Rec1 Qd4 25. Rd1 Qc5 26. Kg2 h5
27. h3 Rxd5 28. exd5 Rxd5 29. Qe4 Rxd1 30. Rxd1 Nc6 31. Rd2 Ne7 32. Rd8+ Kg7
33. Qd4+ 1-0

[Event "Madrid ch Veteranos 2122"]
[Site "Madrid ESP"]
[Date "2022.03.29"]
[Round "2.13"]
[White "Barahona Torrijos, Angel"]
[Black "Garcia Martin, Esteban"]
[Result "1-0"]
[WhiteElo "1822"]
[BlackElo "1895"]
[PlyCount "111"]
[EventDate "2022.03.28"]
[EventType "swiss"]
[EventRounds "9"]
[EventCountry "ESP"]
[SourceTitle "Ajedrez en Madrid"]
[Source "lmi"]
[SourceDate "2022.03.28"]
[SourceVersion "1"]
[SourceVersionDate "2022.04.18"]
[SourceQuality "1"]

1. d4 Nf6 2. Nf3 b6 3. Bg5 Bb7 4. Nbd2 e6 5. e3 Be7 6. Bd3 c5 7. c3 Nc6 8. Rc1
cxd4 9. cxd4 Nb4 10. Bb1 Ba6 11. Ne5 Rc8 12. a3 Nc6 13. Bd3 Bxd3 14. Nxd3 O-O
15. O-O Nd5 16. Bxe7 Ndxe7 17. Qa4 d5 18. Rc3 Qd6 19. Rfc1 f6 20. b4 a5 21. Qb5
axb4 22. Nxb4 Nxb4 23. Rxc8 Nxc8 24. Qxb4 Qxb4 25. axb4 Re8 26. Rc7 Kf8 27. Kf1
Rd8 28. Ke2 Nd6 29. Kd3 Rc8 30. Rxc8+ Nxc8 31. e4 Ke7 32. g4 Na7 33. f4 Kd6 34.
e5+ fxe5 35. dxe5+ Ke7 36. Nf3 Nc6 37. b5 Nb8 38. f5 Nd7 39. Kd4 h6 40. Nh4 Nc5
41. Ng6+ Kf7 42. h4 Ne4 43. fxe6+ Kxe6 44. Nf4+ Kd7 45. Nxd5 Nf2 46. Nxb6+ Kc7
47. Nd5+ Kd8 48. g5 hxg5 49. hxg5 Nh3 50. g6 Ng5 51. Nf4 Nf3+ 52. Kd5 Nd2 53.
Ne6+ Ke7 54. b6 Nc4 55. Kxc4 Kxe6 56. b7 1-0

[Event "Madrid ch Veteranos 2122"]
[Site "Madrid ESP"]
[Date "2022.03.29"]
[Round "2.14"]
[White "Lorenzo Bailador, Alfredo"]
[Black "Martinez Miura, Enrique"]
[Result "1-0"]
[WhiteElo "1985"]
[BlackElo "1601"]
[PlyCount "47"]
[EventDate "2022.03.28"]
[EventType "swiss"]
[EventRounds "9"]
[EventCountry "ESP"]
[SourceTitle "Ajedrez en Madrid"]
[Source "lmi"]
[SourceDate "2022.03.28"]
[SourceVersion "1"]
[SourceVersionDate "2022.04.18"]
[SourceQuality "1"]

1. e4 e6 2. d4 d5 3. e5 c5 4. c3 cxd4 5. cxd4 Ne7 6. Nf3 Nec6 7. Nc3 Be7 8. Bd3
O-O 9. O-O a6 10. Re1 Nd7 11. Bf4 f6 12. exf6 Nxf6 13. Bg5 h6 14. Bh4 Qe8 15.
Rc1 Qh5 16. Bb1 Ne4 17. Nxe4 Bxh4 18. Nc5 e5 19. dxe5 Bxf2+ 20. Kxf2 Qxh2 21.
Qxd5+ Kh8 22. e6 Qf4 23. Qd3 Qh4+ 24. Kg1 1-0

[Event "Madrid ch Veteranos 2122"]
[Site "Madrid ESP"]
[Date "2022.03.29"]
[Round "2.15"]
[White "Camarero Izquierdo, Juan Carlos"]
[Black "Villares Galiano, Luis"]
[Result "0-1"]
[WhiteElo "1861"]
[BlackElo "1936"]
[PlyCount "92"]
[EventDate "2022.03.28"]
[EventType "swiss"]
[EventRounds "9"]
[EventCountry "ESP"]
[SourceTitle "Ajedrez en Madrid"]
[Source "lmi"]
[SourceDate "2022.03.28"]
[SourceVersion "1"]
[SourceVersionDate "2022.04.18"]
[SourceQuality "1"]

1. d4 d5 2. Nc3 Nf6 3. Bg5 c5 4. e4 Nxe4 5. Nxe4 dxe4 6. d5 Qb6 7. Bc1 g6 8.
Ne2 Bg7 9. Qd2 O-O 10. Nc3 Nd7 11. Nxe4 Nf6 12. Nc3 e6 13. dxe6 Bxe6 14. Be2
Rad8 15. Qg5 Nd5 16. Nxd5 Rxd5 17. Qg3 Bxb2 18. Bxb2 Qxb2 19. O-O Qf6 20. h4
Rfd8 21. Bf3 R5d7 22. h5 b6 23. a4 Rd4 24. a5 Qf4 25. hxg6 hxg6 26. Qxf4 Rxf4
27. a6 Kg7 28. c3 Kf6 29. Rfd1 Ke7 30. Bb7 Rc4 31. Rxd8 Kxd8 32. Rd1+ Kc7 33.
Rd3 b5 34. f3 b4 35. cxb4 cxb4 36. Be4 f5 37. Bd5 Bxd5 38. Rxd5 Kb6 39. Kf2
Kxa6 40. Rd6+ Kb5 41. Rxg6 b3 42. Re6 a5 43. Ke2 b2 44. Re8 Ka4 45. Kd3 b1=Q+
46. Kxc4 Qb5+ 0-1

[Event "Madrid ch Veteranos 2122"]
[Site "Madrid ESP"]
[Date "2022.03.29"]
[Round "2.16"]
[White "Toledo Aguirre, Gonzalo"]
[Black "Lopez Del Moral Lopez de, Rafael"]
[Result "1-0"]
[WhiteElo "1879"]
[BlackElo "1432"]
[PlyCount "118"]
[EventDate "2022.03.28"]
[EventType "swiss"]
[EventRounds "9"]
[EventCountry "ESP"]
[SourceTitle "Ajedrez en Madrid"]
[Source "lmi"]
[SourceDate "2022.03.28"]
[SourceVersion "1"]
[SourceVersionDate "2022.04.18"]
[SourceQuality "1"]

1. d4 d5 2. c4 Nf6 3. cxd5 Qxd5 4. Nc3 Qd8 5. Nf3 Bf5 6. g3 e6 7. Bg2 c6 8. O-O
Be7 9. Re1 O-O 10. e4 Bg6 11. Bf4 Bb4 12. e5 Nd5 13. Bd2 Qa5 14. Qb3 Na6 15. a3
Bxc3 16. bxc3 Qb6 17. Qa2 Rac8 18. c4 Ne7 19. Rad1 Nf5 20. Be3 Nxe3 21. fxe3 h6
22. c5 Qd8 23. Nd2 Nc7 24. Nc4 Nd5 25. Qd2 Qg5 26. Nd6 Rb8 27. e4 Qxd2 28. Rxd2
Nc7 29. Rb2 b6 30. cxb6 axb6 31. Rc1 c5 32. dxc5 bxc5 33. Rxb8 Rxb8 34. Rxc5
Rb1+ 35. Kf2 Rb2+ 36. Kg1 Rb1+ 37. Bf1 Na6 38. Ra5 Nb8 39. Rb5 Rxb5 40. Bxb5
Kf8 41. Kf2 f6 42. exf6 gxf6 43. Ke3 Ke7 44. Nc4 Be8 45. Bxe8 Kxe8 46. Kd4 Kd7
47. Kc5 Nc6 48. Kb6 Nb8 49. a4 Nc6 50. a5 f5 51. e5 h5 52. a6 h4 53. Na5 Nxa5
54. a7 Nc4+ 55. Kc5 Nxe5 56. a8=Q hxg3 57. Qb7+ Ke8 58. hxg3 Ng4 59. Kd6 Kf8
1-0

[Event "Madrid ch Veteranos 2122"]
[Site "Madrid ESP"]
[Date "2022.03.29"]
[Round "2.17"]
[White "Marin Lopez, Juan Jose"]
[Black "Hernandez Gutierrez, Jose"]
[Result "1-0"]
[WhiteElo "1707"]
[BlackElo "1732"]
[PlyCount "83"]
[EventDate "2022.03.28"]
[EventType "swiss"]
[EventRounds "9"]
[EventCountry "ESP"]
[SourceTitle "Ajedrez en Madrid"]
[Source "lmi"]
[SourceDate "2022.03.28"]
[SourceVersion "1"]
[SourceVersionDate "2022.04.18"]
[SourceQuality "1"]

1. e4 c6 2. d4 d5 3. e5 c5 4. dxc5 e6 5. Nf3 Bxc5 6. c3 a6 7. Bd3 Ne7 8. O-O
Nbc6 9. b4 Ba7 10. Bg5 Qc7 11. Re1 Ng6 12. Qe2 O-O 13. h4 h6 14. Bd2 b5 15. h5
Nge7 16. a4 Bd7 17. Na3 f6 18. axb5 Nxe5 19. bxa6 Nxd3 20. Qxd3 e5 21. Qe2 Bg4
22. Nb5 Qd7 23. Nxa7 Rxa7 24. Be3 d4 25. cxd4 Bxf3 26. Qxf3 Qb5 27. dxe5 Rxa6
28. Rxa6 Qxa6 29. Bc5 fxe5 30. Qb3+ Kh8 31. Bxe7 Rf5 32. Rd1 Kh7 33. Qd3 Qe6
34. g4 e4 35. Qd7 Qxd7 36. Rxd7 Rf4 37. b5 Rf3 38. b6 e3 39. fxe3 Rxe3 40. b7
Rb3 41. Bd6 Rb1+ 42. Kf2 1-0